000
00249nam a2200097Ia 4500
001
726291
005
20250826163426.0
008
250824s9999 xx 000 0 und d
245
0
_a
ESRARENGİZ KOMŞU
_c
SİLKE LAMBECK
260
_b
GÜNIŞIĞI KİTAPLIĞI
999
_c
726291
_d
726291